| 000 | 004850000a22001690004500 | ||
|---|---|---|---|
| 020 | _a84-217-4201-9 | ||
| 041 | 0 | _aSPA | |
| 082 | 0 | 4 | _aG 813 H488v |
| 100 | 1 | _aHemingway, Ernest (1899-1961) | |
| 245 | 1 | 0 | _aLas verdes colinas de África / Ernest Hemingway; J. Gómez del Castillo, Traductor |
| 250 | _a2 | ||
| 260 | _aBarcelona, España : Luis de Caralt (ver L. de Caralt) | ||
| 300 | _a297 Pag | ||
| 500 | _aTitulo original : Green Hills of Africa | ||
| 001 | 10859 | ||
| 942 | _cBK | ||
| 999 |
_c40284 _d40284 |
||